| 000 | 00443cam a2200193ua 4500 | ||
|---|---|---|---|
| 020 | _cRs 7.00 | ||
| 041 |
_ahin _h |
||
| 082 |
_a891.54 _bMAH/SA |
||
| 100 | _aMahadevi, . | ||
| 245 |
_aSaptparna / _cMahadevi. _hTextual Documents |
||
| 250 |
_a1 / _b. |
||
| 260 |
_aDelhi : _bRajkamal Prakash , _c1960. |
||
| 300 | _a197 ; . | ||
| 365 | _aRs 7.00 | ||
| 504 | _a | ||
| 942 | _cBK | ||
| 999 |
_c3655 _d3655 |
||